World Sports Ranking 2025 - Statistics

General Stats
  • This quiz has been taken 24 times
  • The average score is 21 of 25
Answer Stats
Rank Country Points % Correct
10 Brazil 742
100%
3 France 1.293
100%
1 United States 2.129
100%
7 China 922
96%
15 Argentina 533
91%
11 Canada 671
91%
9 Germany 857
91%
4 Italy 1.131
91%
8 Spain 896
91%
6 Australia 924
87%
2 Great Britain 1.303
87%
16 India 528
87%
5 Japan 984
87%
21 Mexico 443
87%
22 Sweden 440
87%
19 Belgium 474
83%
13 Netherlands 552
83%
12 South Korea 643
83%
25 Switzerland 415
83%
24 Türkiye 419
83%
14 Poland 538
78%
18 New Zealand 483
74%
23 Norway 420
74%
20 Denmark 469
70%
17 Czechia 485
43%
No matching quizzes found
Score Distribution
Percent of People with Each Score
Percentile by Number Answered
Your Score History
You have not taken this quiz